| 000 | 00510nam a22001697a 4500 | ||
|---|---|---|---|
| 005 | 20251108165912.0 | ||
| 008 | 250721s9999 xx 000 0 ara d | ||
| 082 | 1 | 4 | _aم/ط/551.49/كيل |
| 100 | 1 | _aكيلتشي، فولكو | |
| 245 | 1 | 0 | _aكتاب الماء / |
| 264 | 1 |
_aبيروت : _bدار العلم للملايين، _c[19-]. |
|
| 300 | _a151ص : مص | ||
| 490 | 0 | _aالمكتبة الماسية للفتيان و الفتيات | |
| 650 | 1 | 7 | _aالماء |
| 942 |
_2ddc _cBK |
||
| 999 |
_c34338 _d34338 |
||